000 00633nam a2200181Ia 4500
008 100921s9999 xx 000 0 und d
082 _b4565
_a290 थ 61
100 _aजावडेकर मुरलीधर.
245 _aपराभवाची रहस्ये.
260 _bजावडेकर मु.म.पुणे.
_c1961
300 _a99
_b---
365 _b2.5
520 _aधर्म-अन्य धर्म.
630 _aपराभवाची रहस्ये.
650 _aधर्म-अन्य धर्म.
730 _aपराभवाची रहस्ये.
942 _cBOOK
999 _c753678
_d753675